000 00277nam a2200085Ia 4500
245 0 _aVoorkom uitbranding : hoe om volgens God se tempo te leef
100 _a ENDRES, Annelize Wellington, 2003 1ste uitg
_995721
942 _cBK
008 210817s9999 xx 000 0 und d
999 _c399252
_d399251